| 000 | 00680pam a2200265 4500 | ||
|---|---|---|---|
| 999 |
_c7481 _d7481 |
||
| 001 | 7481 | ||
| 003 | BD-JhCC | ||
| 005 | 20180305185945.0 | ||
| 008 | 711024s1972 mau 000 0 eng | ||
| 020 | _a0262160536. | ||
| 035 | _a(BD-JhCC)7481 | ||
| 040 |
_aDLC _cDLC _dDLC _dBD-JhCC |
||
| 041 | _aeng | ||
| 050 | 0 | 0 |
_aQ127.U6 _bP55 1972 |
| 082 | 0 | 0 |
_a320.973 _bCLI 1972 |
| 100 | _aCliffs, Englewood | ||
| 245 | 0 | 4 |
_aThe Politics of American democracy / _cEnglewood Cliffs |
| 250 | _a2nd ed. | ||
| 260 |
_aCambridge, _bMIT Press _c[1972] |
||
| 300 |
_aviii, 658 p. _c21 cm. |
||
| 350 | _a$3.95 | ||
| 650 | 0 |
_aDemocracy _zUnited States. |
|
| 942 |
_2ddc _cBK |
||